Teach Yourself Baby Names (Record no. 575742)

MARC details
000 -LEADER
fixed length control field 00688nam a2200157Ia 4500
008 - FIXED-LENGTH DATA ELEMENTS--GENERAL INFORMATION
fixed length control field 250714s9999 xx 000 0 und d
020 ## - INTERNATIONAL STANDARD BOOK NUMBER
ISBN 9780071550116
082 ## - DEWEY DECIMAL CLASSIFICATION NUMBER
Classification number 929.44
Item number WIL
100 ## - MAIN ENTRY--AUTHOR NAME
Personal name Wilson, Victoria
245 #0 - TITLE STATEMENT
Title Teach Yourself Baby Names
260 ## - PUBLICATION, DISTRIBUTION, ETC. (IMPRINT)
Name of publisher McGraw-Hill Education
Year of publication 2008
500 ## - GENERAL NOTE
General note Pick the right name for your baby Teach Yourself Baby Names contains more than 7,000 names from every origin, from Celtic and Sanskrit to brand-new names for the 21st century. You'll get inside info on which names will be dated in a few years, the ones most associated with success, and more.
650 ## - SUBJECT ADDED ENTRY--TOPICAL TERM
Topical Term Family & Relationships
942 ## - ADDED ENTRY ELEMENTS (KOHA)
Koha item type English Books
Holdings
Withdrawn status Lost status Damaged status Not for loan Home library Current library Shelving location Date acquired Full call number Accession Number Price effective from Koha item type
        Anna Centenary Library Anna Centenary Library 7TH FLOOR, B WING 14.07.2025 929.44 WIL 405551 14.07.2025 English Books

Find us on the map